000 00552nam a2200169Ia 4500
008 090122s9999 xx 000 0 und d
082 _b159
_a920.71
100 _aपेंटर
_bपुराणिक
245 _aसंचार ऐका कुंचल्याचा
260 _bमेघना
_c1982
300 _a92
600 _aपेंटर
630 _aसंचार ऐका कुंचल्याचा
700 _aपेंटर
730 _aसंचार ऐका कुंचल्याचा
942 _cBOOK
999 _c24237
_d24237